| 000 | 01233cam a22004094i 4500 | ||
|---|---|---|---|
| 003 | PE-LiUPU | ||
| 005 | 20250731172906.0 | ||
| 008 | s2016 miu rb 001 0 eng d | ||
| 020 | _a0802825524 | ||
| 020 | _a9780802825520 | ||
| 040 |
_bspa _cPE-LiUPU _dPE-LiUPU _erda |
||
| 049 | _aPRUA | ||
| 082 | 0 | 4 |
_a227.8107 _bJ661 _223 |
| 100 | 1 |
_aJohnson, Andy., _eautor. |
|
| 245 | 1 | 0 |
_a1 and 2 Thessalonians / _cAndy Johnson. |
| 264 |
_aGrand Rapids, Michigan : _bWilliam B. Eerdmans Publishing Company, _c2016. |
||
| 300 |
_a349 páginas ; _c24 centimetros. |
||
| 336 |
_atext _2rdacontent |
||
| 337 |
_aunmediated _2rdamedia |
||
| 338 |
_avolume _2rdacarrier |
||
| 505 | 0 | 4 | _aIntroduction -- Bibliography -- Commentary on 1 Thessalonians -- Commentary on 2 Thessalonians -- Theological horizons. |
| 526 | _aSEG42 | ||
| 526 | _aSEG41 | ||
| 526 | _aSEG40 | ||
| 526 | _aSEG39 | ||
| 526 | _aP94 | ||
| 526 | _aP87 | ||
| 526 | _aP86 | ||
| 526 | _aP85 | ||
| 526 | _aP77 | ||
| 526 | _aP76 | ||
| 526 | _aP35 | ||
| 630 | 1 | 4 |
_aBiblia. _pTesalonicenses _vComentarios. |
| 942 |
_2ddc _cBK |
||
| 999 |
_c15309 _d15309 |
||
| 980 |
_81 _gALBERTO SANCHEZ Responsable de Automatización |
||